000
00332nam a22001457a 4500
003
SGT
020
_a
9788189530976
082
_a
340.072,TIW
100
_a
TIWARI, H. N.
245
_a
LEGAL RESEARCH METHODOLOGY
260
_a
HARYANA
_b
ALLAHABAD
_c
2014
300
_a
318
650
_a
RESEARCH METHODOLOGY
942
_2
ddc
_c
BK
_0
15
999
_c
10144
_d
10144